LEADER 01215nam a2200241 i 4500 001 000000222472 003 CaOOAMICUS 005 20130916000000.0 008 130916s1973 it u000 u ita u 013 $a201369 040 $aSeMil$bita 100 1 $aSequeri, Pierangelo,$d<1944- >.$0(OLS)http://semarc/name/7586 245 10$aAlla ricerca del fondamento :$bl'impegno strutturale della condizione umana con la questione dell'essere. Appunti (1. parte) /$cPierangelo Sequeri. 260 $aSaronno :$b[s.n.],$c1973. 300 $a89 c. ;$c28 cm. 500 $aContiene : Riferimenti bibliografici principali. Fotocopie ad uso privato delle dispense del corso accademico. 650 4$aDispense scolastiche.$0(OLS)http://semarc/subject/526 650 4$aTeologia fondamentale - Corsi e dispense.$0(OLS)http://semarc/subject/40233 850 $aSeMil 852 $aSeMil$W1$xVenegono$y1$m6X IV 38$j172818$B172818$CSeMilBibl$Z2$F183145 $8B 961 $aOmaggio: Altro 996 $6245$aAlla ricerca del fondamento :$bl'impegno strutturale della condizione umana con la questione dell'essere. Appunti (1. parte)$9(OLS)http://semarc/title/318887 996 $6260$aSaronno :$b[s.n.]$9(OLS)http://semarc/publisher/31096 LEADER 01434nam a2200313 i 4500 001 000000161504 003 CaOOAMICUS 005 20260129115018.0 008 070518s1991 it u000 u ita u 013 $a138867 020 $a88-7819-061-6 040 $aSeMil$bita 100 1 $aSchopenhauer, Arthur,$d<1788-1860>.$0(OLS)http://semarc/name/5545 240 10$aAphorismen zur Lebensweisheit.$0(OLS)http://semarc/title/82305 245 10$aAforismi sulla saggezza della vita :$b[preceduti da un saggio di Ulrich Horstmann sull'attualitą di Schopenhauer] /$cArthur Schopenhauer ; introduzione di Ulrich Horstmann ; traduzione di Eugenio Battisti. 250 $a2. ed. 260 $aMilano :$bTEA,$c1991. 300 $a250 p. ;$c18 cm. 490 0 $aTEA ;$v37 700 1 $aBattisti, Eugenio <1924-1989>.$0(OLS)http://semarc/name/89766 700 1 $aHorstmann, Ulrich.$0(OLS)http://semarc/name/42647 830 0$aTEA ;$v37.$0(OLS)http://semarc/title/11510 850 $aSeMil 852 $aSeMil$W1$xVenegono$y1$m2P I 817$j112900$B112900$CSeMilBibl$Z2$F123394 $81 961 $aOmaggio: Donazione 996 $6020$a88-7819-061-6$9(OLS)http://semarc/number/77567 996 $6245$aAforismi sulla saggezza della vita :$b[preceduti da un saggio di Ulrich Horstmann sull'attualitą di Schopenhauer]$9(OLS)http://semarc/title/144637 996 $6260$aMilano :$bTEA$9(OLS)http://semarc/publisher/32364